Animal reproduction (Record no. 4344)

MARC details
000 -LEADER
fixed length control field 00348nam a22001457a 4500
008 - FIXED-LENGTH DATA ELEMENTS--GENERAL INFORMATION
fixed length control field 250716b |||||||| |||| 00| 0 eng d
020 ## - INTERNATIONAL STANDARD BOOK NUMBER
ISBN 9789390438082
100 ## - MAIN ENTRY--AUTHOR
Author Singh Saurav
245 ## - TITLE STATEMENT
Title Animal reproduction
260 ## - PUBLICATION, DISTRIBUTION, ETC. (IMPRINT)
Place of publication New Delhi
Name of publisher Bio-green books
Date of publication 2021
300 ## - COLLATION
Pagination vi, 256p.
650 ## - TRACINGS
Main Subject Livestock
942 ## - ADDED ENTRY ELEMENTS (KOHA)
Item type Books
050 ## - LIBRARY OF CONGRESS CALL NUMBER
Classification number SF61
Item number .S56
Holdings
Source of classification or shelving scheme Not for loan Permanent location Current location Date acquired Accession No. Full call number Barcode. Koha item type
Library of Congress Classification   Samuel Ogbemudia Main Library, University of Abuja Samuel Ogbemudia Main Library, University of Abuja 07/16/2025 2024-62669 SF61.S56 2025-3112 Books